Institucionalización de la educación intercultural bilingüe en Chile : notas y observaciones críticas (Record no. 162446)

MARC details
000 -CABECERA
campo de control de longitud fija 00616nab a2200193 a 4500
005 - FECHA Y HORA DE LA ÚLTIMA TRANSACCIÓN
campo de control 20210219161711.0
008 - ELEMENTOS DE LONGITUD FIJA--INFORMACIÓN GENERAL
campo de control de longitud fija 991125s1985 mx 000 0 spa u
035 ## - NÚMERO DE CONTROL DEL SISTEMA
Número de control de sistema UPN01000190343
100 1# - ASIENTO PRINCIPAL--NOMBRE PERSONAL
Nombre de persona Williamson Castro, Guillermo
222 #0 - TÍTULO CLAVE
Título clave PERFILES EDUCATIVOS
245 00 - MENCIÓN DE TÍTULO
Título Institucionalización de la educación intercultural bilingüe en Chile : notas y observaciones críticas
260 ## - PUBLICACIÓN, DISTRIBUCIÓN, ETC.
Lugar de publicación, distribución, etc. México
300 ## - DESCRIPCIÓN FÍSICA
Extensión 126-147
362 0# - FECHAS DE PUBLICACIÓN Y/O DESIGNACIÓN SECUENCIAL
Fecha de publicación y/o designación secuencial 2012 3a época, vol. 34, no. 138
653 0# - TERMINO DE INDIZACION - NO CONTROLADO
Término no controlado EDUCACION INTERCULTURAL BILINGÜE
653 0# - TERMINO DE INDIZACION - NO CONTROLADO
Término no controlado PUEBLOS INDIGENAS
653 0# - TERMINO DE INDIZACION - NO CONTROLADO
Término no controlado LEGISLACION INDIGENA
905 ## - TIPO DE MATERIAL
Tipo de material Articulo

No items available.